[Event "Cappelle op"]
[Site "Cappelle la Grande"]
[Date "1992.??.??"]
[Round "1"]
[White "Garrido, D."]
[Black "Sadler, Matthew"]
[Result "0-1"]
[WhiteElo "2235"]
[BlackElo "2485"]

1.d4 d5 2.c4 dxc4 3.Nf3 a6 4.e3 Nf6 5.Bxc4 e6 6.a4 c5 7.O-O Nc6 8.Nc3 Be7
9.Qe2 cxd4 10.Rd1 O-O 11.exd4 Nd5 12.Ne4 Ncb4 13.Ne5 b6 14.Ra3 f6 15.Nf3 Bd7
16.Nc3 Rc8 17.Ra1 a5 18.Bb3 Rxc3 19.bxc3 Nxc3 20.Bxe6+ Kh8 21.Qe1 Nxd1 22.Bxd7 Qxd7
23.Qxd1 Rc8 24.Be3 Nd5 25.Bd2 Rc4 26.Qb3 Qc6 27.h4 Kg8 28.h5 Bb4 29.Bf4 Nxf4  0-1

[Event "Cappelle op"]
[Site "Cappelle la Grande"]
[Date "1992.??.??"]
[Round "5"]
[White "Astolfi, Frederic"]
[Black "Bus, Mariusz"]
[Result "0-1"]
[WhiteElo "2255"]
[BlackElo "2390"]

1.d4 d5 2.c4 dxc4 3.Nf3 c5 4.e3 Nf6 5.Bxc4 e6 6.O-O a6 7.e4 b5 8.Bd3 Bb7
9.Re1 cxd4 10.a4 b4 11.Nbd2 Nc6 12.e5 Nd5 13.Ne4 h6 14.Bd2 Be7 15.Qe2 b3
16.Rac1 Ncb4 17.Nxd4 Nxd3 18.Qxd3 Nb4 19.Bxb4 Bxb4 20.Qxb3 Qxd4 21.Rc4 Bd5
22.Qxb4 Qa7 23.Nd6+ Kd7 24.Rd4 Rab8 25.Qd2 Qa8 26.Nc4 Ke7 27.Ne3 Rhd8 28.Nxd5+ Rxd5
29.b4 Rbd8 30.Ree4 Qc6 31.h4 Qxa4 32.Qc3 Qd7 33.Rxd5 Qxd5 34.Rc4 Rd7 35.Rc7 f6
36.Rxd7+ Qxd7 37.Qe3 fxe5 38.g3 Qd4 39.Qa3 Qd6 40.Qa5 Qd1+ 41.Kh2 Qe2 42.Qc5+ Kf7
43.Kg1 Qd1+ 44.Kh2 Qd4 45.Qc7+ Kf6 46.Qc8 Qxf2+ 47.Kh3 Qf5+ 48.Kh2 e4 49.Qxa6 Qf2+
50.Kh3 e3 51.Qa1+ Kf7 52.Qa7+ Kg6 53.Qd4 Qf5+ 54.Kh2 Qc2+ 55.Kh3 e2 56.Qe3 Kf7
57.Qa7+ Ke8 58.Qe3 Kd7 59.Qa7+ Kd6 60.Qd4+ Kc6 61.b5+ Kxb5 62.Qe5+ Kb4 63.Qxe6 g6
64.Qb6+ Kc3 65.Qf6+ Kd2 66.Qd4+ Qd3 67.Qb4+ Qc3 68.Qf4+ Kd1 69.Qa4+ Ke1 70.Qf4 g5
71.hxg5 hxg5 72.Qf5 g4+ 73.Kxg4 Qc6 74.Kh3 Qh1+ 75.Kg4 Qf1 76.Qc5 Qf6 77.Qd5 Kf2
78.Qc5+ Kg2 79.Qd5+ Kg1 80.Qe4 Qf2  0-1

[Event "Cebu"]
[Site "Cebu"]
[Date "1992.??.??"]
[Round "3"]
[White "Nadera, Barlo A"]
[Black "Mascarinas, Rico"]
[Result "1-0"]
[WhiteElo "2390"]
[BlackElo "2450"]

1.d4 d5 2.c4 dxc4 3.Nf3 c5 4.d5 Nf6 5.Nc3 e6 6.e4 exd5 7.exd5 Bd6 8.Bxc4 O-O
9.O-O a6 10.a4 Bg4 11.h3 Bh5 12.Be3 Nbd7 13.Be2 Re8 14.Re1 Rb8 15.g4 Bg6
16.Nd2 Ne4 17.Nc4 Nb6 18.Nxd6 Qxd6 19.Bf3 Nxc3 20.bxc3 Nc4 21.Bg5 f6 22.Bh4 Rxe1+
23.Qxe1 Ne5 24.Bg2 c4 25.Qe3 h6 26.Qd4 b5 27.axb5 axb5 28.Bg3 Re8 29.Kh2 Bd3
30.Ra7 Rb8 31.f4 Nd7 32.Qe3 f5 33.g5 h5 34.Bf2 Be4 35.Bxe4 Re8 36.Rxd7 Qxd7
37.Bxf5 Rxe3 38.Bxd7 Rxc3 39.Bxb5 Rf3 40.Kg2 Rxf4 41.d6 c3 42.Be3 Rf8 43.Bc4+ Kh8
44.Bd3 h4 45.Bb6 Rf7 46.g6  1-0

[Event "Cebu"]
[Site "Cebu"]
[Date "1992.??.??"]
[Round "9"]
[White "Murshed, Niaz"]
[Black "Barua, Dibyendu"]
[Result "1-0"]
[WhiteElo "2505"]
[BlackElo "2555"]

1.d4 d5 2.c4 dxc4 3.Nf3 a6 4.e3 Bg4 5.Bxc4 e6 6.Nc3 Nf6 7.h3 Bh5 8.O-O Nbd7
9.e4 c5 10.e5 Bxf3 11.Qxf3 b5 12.Bxe6 fxe6 13.exf6 Nxf6 14.dxc5 Be7 15.Qc6+ Kf7
16.Be3 b4 17.Na4 Qd5 18.Qc7 Rab8 19.Nb6 Qf5 20.Nc4 Nd5 21.Nd6+ Kf6 22.Bd4+ e5
23.Qc6 Qe6 24.Bxe5+ Qxe5 25.Rae1 Rb6  1-0

[Event "Ceuta"]
[Site "Ceuta"]
[Date "1992.??.??"]
[Round "8"]
[White "Izeta Txabarri, Felix"]
[Black "Vladimirov, Evgeny"]
[Result "1-0"]
[WhiteElo "2445"]
[BlackElo "2575"]

1.d4 d5 2.c4 dxc4 3.Nf3 a6 4.e4 b5 5.a4 Bb7 6.Nc3 b4 7.Bxc4 e6 8.Qb3 Nc6
9.a5 bxc3 10.Qxb7 Nb4 11.O-O Rb8 12.Bxa6 Rxb7 13.Bxb7 cxb2 14.Bxb2 Qb8 15.a6 Nxa6
16.Bc6+ Ke7 17.Rfb1 f6 18.Rxa6 Kf7 19.Ra8  1-0

[Event "CSR-chT"]
[Site "CSR"]
[Date "1992.??.??"]
[Round "?"]
[White "Chmiel, Pavel"]
[Black "Szymczak, Zbigniew"]
[Result "1/2-1/2"]
[WhiteElo "2295"]
[BlackElo "2325"]

1.d4 d5 2.c4 dxc4 3.Nf3 a6 4.a4 Nf6 5.e3 e6 6.Bxc4 c5 7.O-O Nc6 8.Nc3 Be7
9.dxc5 Qc7 10.Qe2 Bxc5 11.h3 O-O 12.Rd1 b6 13.e4 Nd7 14.Ba2 Bb7 15.Be3 Nb4
16.Rac1 Rfd8 17.Bb1 Rac8 18.Na2 Nxa2 19.Bxa2 Qb8 20.Bg5 Nf6 21.Rxd8+ Rxd8
22.Bb1 Be7 23.e5 Bxf3 24.gxf3 Nd5 25.Bxe7 Nxe7 26.f4 a5 27.Be4 Rc8 28.Rd1 Rd8
29.Rc1 Rc8 30.Rd1 Rd8  1/2-1/2

[Event "CSR-chT"]
[Site "CSR"]
[Date "1992.??.??"]
[Round "?"]
[White "Ftacnik, Lubomir"]
[Black "Zurek, Milan"]
[Result "0-1"]
[WhiteElo "2550"]
[BlackElo "2405"]

1.d4 d5 2.c4 dxc4 3.Nf3 a6 4.e3 e6 5.Bxc4 Nf6 6.O-O c5 7.Bd3 Nc6 8.Nc3 Be7
9.a3 O-O 10.dxc5 Bxc5 11.Qc2 h6 12.Ne4 Nxe4 13.Bxe4 Qe7 14.b4 Bd6 15.Bb2 Bd7
16.Rfd1 Rfd8 17.Qc3 e5 18.Nd2 Rac8 19.Nc4 Bc7 20.Rac1 Be8 21.f4 b5 22.Nxe5 Nxe5
23.fxe5 Rxd1+ 24.Rxd1 Rd8 25.Rxd8 Bxd8 26.Qd4 Bd7 27.Bd5 Bf5 28.h3 Kh7 29.Be4 Bxe4
30.Qxe4+ Kg8 31.Bd4 Bc7 32.Qa8+ Kh7 33.Qb7 h5 34.Bb6 Bd8 35.Qe4+ g6 36.Bc5 Qe6  0-1

[Event "EU-chT (Men)"]
[Site "Debrecen"]
[Date "1992.??.??"]
[Round "3"]
[White "Supatashvili, Khvicha"]
[Black "Greenfeld, Alon"]
[Result "1/2-1/2"]
[WhiteElo "2450"]
[BlackElo "2520"]

1.d4 d5 2.c4 dxc4 3.Nf3 a6 4.e3 e6 5.Bxc4 Nf6 6.Qe2 c5 7.dxc5 Bxc5 8.O-O Nc6
9.e4 Qc7 10.Nc3 O-O 11.Be3 Bxe3 12.Qxe3  1/2-1/2

[Event "Doha op"]
[Site "Doha"]
[Date "1992.??.??"]
[Round "9"]
[White "Hakki, Imad"]
[Black "Rahman, Ziaur"]
[Result "1-0"]
[WhiteElo "2310"]
[BlackElo "2380"]

1.d4 d5 2.c4 dxc4 3.Nf3 a6 4.a4 Nf6 5.Nc3 c5 6.d5 Bf5 7.e3 e6 8.Bxc4 exd5
9.Nxd5 Nc6 10.O-O Bd6 11.Nxf6+ Qxf6 12.e4 Bg4 13.h3 Bxf3 14.Qxf3 Qxf3 15.gxf3 Ne5
16.Be2 Ng6 17.Rd1 Ke7 18.Be3 a5 19.Rd5 b6 20.Rad1 Rhd8 21.Bb5 f6 22.b3 Nf8
23.h4 Bc7 24.f4 Rxd5 25.Rxd5 Rd8 26.Rxd8 Kxd8 27.Kg2 Ng6 28.Kg3 Ne7 29.Kg4 Nc8
30.Bd3 Ke7 31.h5 Nd6 32.e5 fxe5 33.fxe5 Nf7 34.Bxh7 Bxe5 35.Kf5 Bf6 36.Ke4 Kd6
37.f4 Nd8 38.f5 Nc6 39.Bg8 Be5 40.Bg5 Bc3 41.Bd5 Ne7 42.Bf4+ Kd7 43.Be6+ Ke8
44.Bc7 Nc6 45.Bxb6 Ke7 46.Bxc5+ Kf6 47.Be3 Bb4 48.Bd7 Ne7 49.Bd4+ Kf7 50.Be6+  1-0

[Event "Dortmund op-A"]
[Site "Dortmund"]
[Date "1992.??.??"]
[Round "7"]
[White "Schulze, HH."]
[Black "Olbrisch, Manfred"]
[Result "1-0"]
[WhiteElo "2265"]
[BlackElo "2225"]

1.d4 d5 2.c4 dxc4 3.Nf3 a6 4.a4 Nf6 5.e3 c5 6.Bxc4 e6 7.O-O Nc6 8.Nc3 Bd6
9.dxc5 Bxc5 10.Qxd8+ Kxd8 11.e4 Nd7 12.Bd2 b6 13.Ne2 Ke7 14.Bc3 Rg8 15.Rac1 g5
16.Ba2 Bb7 17.Bb1 b5 18.Rfd1 Bb6 19.axb5 axb5 20.b4 Ra4 21.Bd3 Rxb4 22.Bxb4+ Nxb4
23.Bxb5 Nf6 24.Rb1 Bc5 25.e5 Nfd5 26.Rdc1 Bb6 27.Rb3 g4 28.Nd2 Rg5 29.Nc4 Bc7
30.Rg3 h5 31.h4 Rf5 32.Nd4 Rxe5 33.Nxe5 Bxe5 34.Ne2 Nf4 35.Rb3 Na2 36.Rc5 Bd5
37.Nxf4 Bxf4 38.Ra3 Nb4 39.Ra7+ Kf6 40.Rc8 Be5 41.g3 Bd6 42.Rh8 Kg6 43.Rg8+ Kf6
44.Rg5 Nc2 45.Be8 e5 46.Rxh5 Nd4 47.Rh6+ Kg7 48.Rxd6 Nf3+ 49.Kh1  1-0

[Event "FIN-chT"]
[Site "FIN"]
[Date "1992.??.??"]
[Round "?"]
[White "Kekki, Petri"]
[Black "Helenius, Martti"]
[Result "1/2-1/2"]
[WhiteElo "2285"]
[BlackElo "2255"]

1.d4 d5 2.c4 dxc4 3.Nf3 c5 4.e4 Nf6 5.Nc3 cxd4 6.Qxd4 Qxd4 7.Nxd4 e5 8.Ndb5 Kd8
9.Be3 Be6 10.O-O-O+ Nbd7 11.Bxa7 Bb4 12.f3 Ke7 13.Nd5+ Bxd5 14.exd5 Rhc8
15.Kb1 b6 16.d6+ Kd8 17.a3 Rc5 18.Nc7 Rxa7 19.axb4 Rc6 20.Be2 Ne8 21.Nxe8 Kxe8
22.Kc2 b5 23.f4 f6 24.Rd5 Rb6 25.g3 Kd8 26.Rhd1 Nb8 27.fxe5 Nc6 28.e6 Nxb4+
29.Kc3 Nxd5+ 30.Rxd5 g6 31.Bg4 f5 32.Bxf5 gxf5 33.Rxf5 Rxd6 34.Rf8+ Ke7 35.Rf7+ Kxe6
36.Rxa7 h5 37.Rh7 Rd5 38.Rh6+ Kf7 39.Kc2 Kg7 40.Rb6 Re5 41.Kd2  1/2-1/2

[Event "Gausdal Int"]
[Site "Gausdal"]
[Date "1992.??.??"]
[Round "6"]
[White "Grotnes, Nils"]
[Black "Christensen, Tobias"]
[Result "0-1"]
[WhiteElo "2345"]
[BlackElo "2365"]

1.d4 d5 2.c4 dxc4 3.Nf3 c5 4.d5 Nf6 5.Nc3 e6 6.e4 exd5 7.e5 Nfd7 8.Qxd5 Nb6
9.Qxd8+ Kxd8 10.Bg5+ Be7 11.O-O-O+ Ke8 12.Nb5 Na6 13.Nd6+ Bxd6 14.Rxd6 Be6
15.Be2 h6 16.Bh4 Nb4 17.a3 Nc6 18.h3 g5 19.Bg3 Ne7 20.Rd2 Nf5 21.Bh2 Rd8
22.Rhd1 Rxd2 23.Rxd2 Bd5 24.Kd1 Ke7 25.g4 Ng7 26.Ne1 Ne6 27.Nc2 Be4 28.Ne3 Nd4
29.f4 h5 30.Ke1 Nxe2 31.Rxe2 hxg4 32.hxg4 gxf4 33.Bxf4 Ke6 34.Rh2 Rxh2 35.Bxh2 Bd3
36.Kd2 Nd7 37.b3 b5 38.bxc4 Bxc4 39.Nf5 Nxe5 40.Ng7+ Kd5  0-1

[Event "Gyor opJ"]
[Site "Gyor"]
[Date "1992.??.??"]
[Round "?"]
[White "Kahn, Evarth"]
[Black "Csoke, Adrienn"]
[Result "1-0"]
[WhiteElo "2300"]
[BlackElo "2145"]

1.d4 d5 2.c4 dxc4 3.Nf3 c5 4.d5 e6 5.e4 exd5 6.exd5 Nf6 7.Bxc4 a6 8.O-O Bd6
9.Re1+ Kf8 10.a4 Bg4 11.h3 Bxf3 12.Qxf3 Nbd7 13.Nc3 Qc7 14.Bb3 b6 15.Bd2 h6
16.Ne4 Nxe4 17.Rxe4 Rb8 18.Bc3 f6 19.Rae1 b5 20.Qh5 Ne5 21.Bxe5 fxe5 22.f4 c4
23.Bc2 Qc5+ 24.Kh1 Qxd5 25.fxe5 Be7 26.Rf1+ Kg8 27.Rd4 Qe6 28.Bf5  1-0

[Event "Hamburg op"]
[Site "Hamburg"]
[Date "1992.??.??"]
[Round "4"]
[White "Tatenhorst, Volker"]
[Black "Wegner, Hannu"]
[Result "1/2-1/2"]
[WhiteElo "2230"]
[BlackElo "2365"]

1.d4 d5 2.c4 dxc4 3.Nf3 a6 4.g3 b5 5.Bg2 Bb7 6.O-O e6 7.a4 c5 8.b3 b4 9.bxc4 cxd4
10.a5 Nf6 11.Bb2 Be7 12.Bxd4 Nbd7 13.Nbd2 O-O 14.Qb1 Qc7 15.Qb2 Rfe8 16.Rfc1 Rab8
17.Nb3 Bxf3 18.Bxf3 e5 19.Be3 Nc5 20.Bd5 Nxb3 21.Qxb3 Bc5 22.Bxc5 Qxc5 23.e4 Rec8  1/2-1/2

[Event "Helsinki op"]
[Site "Helsinki"]
[Date "1992.??.??"]
[Round "4"]
[White "Aseev, Konstantin N"]
[Black "Westerinen, Heikki MJ"]
[Result "0-1"]
[WhiteElo "2550"]
[BlackElo "2390"]

1.d4 d5 2.c4 dxc4 3.Nf3 c5 4.d5 e6 5.Nc3 exd5 6.Qxd5 Qxd5 7.Nxd5 Bd6 8.Nd2 Nc6
9.Nxc4 Bb8 10.e4 Nf6 11.Nxf6+ gxf6 12.Bh6 Be5 13.O-O-O Bd4 14.Nd6+ Ke7 15.Nxc8+ Raxc8
16.f3 a6 17.g3 b5 18.Bh3 Rc7 19.Rhe1 Rg8 20.Kb1 Ne5 21.Bg2 Rd8 22.Re2 b4
23.Rc2 b3 24.axb3 Rb7 25.Bc1 Rxb3 26.Bf1 Rxf3 27.Bxa6 Rb3 28.Be2 Rdb8 29.Rf1 R3b4
30.g4 c4 31.g5 fxg5 32.Bxg5+ Ke8 33.Bc1 c3  0-1

[Event "Helsinki op"]
[Site "Helsinki"]
[Date "1992.??.??"]
[Round "4"]
[White "Novikov, Igor A"]
[Black "Bagirov, Vladimir"]
[Result "1/2-1/2"]
[WhiteElo "2585"]
[BlackElo "2500"]

1.d4 d5 2.c4 dxc4 3.Nf3 a6 4.e3 Bg4 5.Bxc4 e6 6.Nc3 Nf6 7.h3 Bh5 8.g4 Bg6
9.Ne5 Nfd7 10.Nxg6 hxg6 11.e4 c5 12.d5 Nb6 13.Be2 e5 14.Be3 N8d7 15.Qd2 Bd6
16.O-O-O Qc7 17.h4 O-O-O 18.h5 Nf8 19.Kb1 Kb8 20.Rc1 Be7 21.f4 exf4 22.Bxf4 Bd6
23.Be3 gxh5 24.gxh5 Nfd7 25.Qc2 Ne5 26.Rcg1 Rh7 27.Rg5 g6  1/2-1/2

[Event "Hermanos Saiz"]
[Site "Hermanos Saiz"]
[Date "1992.??.??"]
[Round "?"]
[White "Moreno, Alejandro"]
[Black "Valdes, Luis E"]
[Result "1/2-1/2"]
[WhiteElo "2270"]
[BlackElo "2300"]

1.d4 d5 2.c4 dxc4 3.Nf3 c5 4.e3 cxd4 5.exd4 Be6 6.Nc3 Nf6 7.Be2 Nc6 8.O-O g6
9.Bg5 Nd5 10.Ne4 Nb6 11.Qd2 Bg7 12.Rfd1 O-O 13.Bh6 Bd5 14.Ng3 Bxf3 15.Bxf3 Qxd4
16.Qxd4 Nxd4 17.Bxb7 Rab8 18.Bxg7 Kxg7 19.Rxd4 Rxb7 20.Re1 e6 21.h4 Rc8 22.Rc1 Nd5
23.Rdxc4 Rxc4 24.Rxc4 Rxb2 25.Ra4 Rb4 26.Rxa7 Rxh4 27.f3 Rc4 28.Ne4 Rc7 29.Rxc7 Nxc7
30.Kf2 f5 31.Nc5 Kf6 32.Ke3 Ke5 33.Nd7+ Kd6 34.Nf8 Nd5+ 35.Kd4 Nf6 36.a4 e5+
37.Kc4 Kc6 38.a5 e4 39.fxe4 Nxe4 40.Nxh7 Nd2+ 41.Kd4  1/2-1/2

[Event "HUN-chT"]
[Site "HUN"]
[Date "1992.??.??"]
[Round "?"]
[White "Dobos, Jozsef"]
[Black "Sapi, Laszlo"]
[Result "1/2-1/2"]
[WhiteElo "2365"]
[BlackElo "2305"]

1.d4 d5 2.c4 dxc4 3.Nf3 c5 4.e3 Nf6 5.Bxc4 e6 6.Qe2 Nc6 7.O-O a6 8.dxc5 Ne4
9.a3 Bxc5 10.b4 Be7 11.Rd1 Qc7 12.Bb2 O-O 13.Bd3 Nf6 14.Nbd2 Bd7 15.Rac1 Rac8
16.Nb3 Rfd8 17.Nc5 Be8 18.Ng5 h6 19.Ngxe6 fxe6 20.Nxe6 Qb8 21.Nxd8 Rxd8 22.Bc4+ Kh8
23.e4 Bh5 24.f3 Qf4 25.Rxd8+ Bxd8 26.e5 Bb6+ 27.Kh1 Bc7  1/2-1/2

[Event "HUN-chT"]
[Site "HUN"]
[Date "1992.??.??"]
[Round "5"]
[White "Kovacs, Laszlo M"]
[Black "Mathe, Gaspar"]
[Result "0-1"]
[WhiteElo "2350"]
[BlackElo "2380"]

1.d4 d5 2.c4 dxc4 3.Nf3 c5 4.e3 cxd4 5.exd4 Be6 6.Nc3 Nf6 7.Bg5 Nd5 8.Qa4+ Nc6
9.Ne5 Nb6 10.Nxc6 Qd6 11.Qb5 bxc6 12.Qa5 g6 13.Rd1 Bg7 14.Be2 O-O 15.Be3 Bd5
16.O-O e6 17.Rd2 h6 18.Rc1 g5 19.f3 Rfe8 20.Ne4 Qe7 21.Bf2 g4 22.Qc5 Qd8
23.Qd6 f5 24.Qxd8 Raxd8 25.Nc3 h5 26.f4 Bh6 27.Be3 h4 28.Kf2 Re7 29.Bf1 Rg7
30.g3 Rh7 31.h3 hxg3+ 32.Kxg3 gxh3 33.Bxh3 Kf7 34.Nxd5 Nxd5 35.Kf3 Bxf4 36.Bxf5 exf5
37.Bxf4 Rh3+ 38.Bg3 f4 39.Rg2 Rg8 40.Ke4  0-1

[Event "Katowice op"]
[Site "Katowice"]
[Date "1992.??.??"]
[Round "3"]
[White "Matlak, Marek"]
[Black "Vaulin, Alexander"]
[Result "1/2-1/2"]
[WhiteElo "2440"]
[BlackElo "2520"]

1.d4 d5 2.Nf3 c5 3.c4 dxc4 4.e3 cxd4 5.Qxd4 Qxd4 6.Nxd4 Bd7 7.Bxc4 Nc6 8.Nxc6 Bxc6
9.O-O Nf6 10.Rd1 e6 11.b3 Bc5 12.Bb2 Ke7 13.Nd2 Rhd8 14.Be2 Ne4 15.Nxe4 Bxe4
16.Rxd8 Rxd8 17.Rd1 Rxd1+ 18.Bxd1 g5 19.Kf1 Bd3+ 20.Be2 Bb1 21.a3 f5 22.Ke1 Be4
23.b4 Bd6 24.f3 Bd5 25.g3 e5 26.Kf2 e4 27.f4 g4 28.Bd4 a6 29.Bf1 Ke6 30.h3 h5
31.hxg4 hxg4 32.Ke1 b5 33.Be2 Bc4 34.Bd1 Kd5 35.Bf6 Ke6 36.Bd8 Bf8 37.Kd2 Bg7
38.a4 Kd7 39.Ba5 Bf6 40.axb5 axb5 41.Bb6 Be7 42.Ba5 Ke6 43.Bc2 Kf7 44.Bd1 Kg6
45.Ke1 Kf7 46.Kf2 Ke8 47.Bc2 Kd7 48.Bd1 Kc6 49.Ke1 Bf6 50.Kd2 Kd5 51.Bb6 Be7
52.Ba5 Ke6 53.Bc2 Kf7 54.Bd1 Kg6 55.Ke1 Bf6 56.Kd2 Kh5 57.Ke1 Bc3+ 58.Kf2 Kg6
59.Bc2 Kf6 60.Bd1 Ke6 61.Bc2 Kd7 62.Bd1 Kd6 63.Bc2 Kc6 64.Bd1 Ba2 65.Bc2 Be6
66.Bd1 Bd5 67.Bc2  1/2-1/2

[Event "Katowice op"]
[Site "Katowice"]
[Date "1992.??.??"]
[Round "5"]
[White "Dobosz, Henryk"]
[Black "Vaulin, Alexander"]
[Result "1/2-1/2"]
[WhiteElo "2415"]
[BlackElo "2520"]

1.d4 d5 2.c4 dxc4 3.Nf3 c5 4.e3 cxd4 5.Qxd4 Qxd4 6.Nxd4 a6 7.Bxc4 e5 8.Nf3 Nc6
9.Ng5 Nd8 10.O-O Be7 11.Nf3 f6 12.Nc3 Be6 13.Bxe6 Nxe6 14.Rd1 Rd8 15.Bd2 Nh6
16.Be1 Kf7 17.Kf1 Nf5 18.Ke2 h5 19.Ne4 g5 20.Rxd8 Rxd8 21.h3 g4 22.hxg4 hxg4
23.Nh2 Nh6 24.Rd1 Rxd1 25.Kxd1 f5 26.Ng3 Nc5 27.e4  1/2-1/2

[Event "Kecskemet3"]
[Site "Kecskemet"]
[Date "1992.??.??"]
[Round "3"]
[White "Gyimesi, Zoltan"]
[Black "Vaulin, Alexander"]
[Result "1/2-1/2"]
[WhiteElo "2230"]
[BlackElo "2520"]

1.d4 d5 2.c4 dxc4 3.Nf3 c5 4.e3 cxd4 5.exd4 Be6 6.Nc3 Nf6 7.Ne5 Nc6 8.Nxc6 bxc6
9.Qa4 Qd7 10.Bxc4 Bxc4 11.Qxc4 e6 12.Bf4 Be7 13.O-O O-O 14.Rac1 Rac8 15.Rfd1 Qb7
16.b3 Rfd8 17.Be5 Nd5 18.Ne4 Ba3 19.Rc2 Qb5 20.h3 Bf8 21.Rdc1 Qxc4 22.Rxc4 Nb4
23.Kf1 Nd3 24.R1c3 Nb4 25.Rc1 Nd3 26.R1c3 Nb4  1/2-1/2

[Event "JUG-ch"]
[Site "Kladovo"]
[Date "1992.??.??"]
[Round "1"]
[White "Scekic, Milos"]
[Black "Djukic, Zeljko"]
[Result "1/2-1/2"]
[WhiteElo "2330"]
[BlackElo "2395"]

1.d4 d5 2.c4 dxc4 3.Nf3 a6 4.e3 Nf6 5.Bxc4 e6 6.O-O c5 7.Qe2 Nc6 8.Rd1 cxd4
9.exd4 Be7 10.Nc3 O-O 11.a4 Nd5 12.Bd3 Ncb4 13.Bb1 b6 14.Nxd5 Nxd5 15.Ne5 Bb7
16.Be4 Rc8 17.Bd2  1/2-1/2

[Event "JUG-ch"]
[Site "Kladovo"]
[Date "1992.??.??"]
[Round "9"]
[White "Ristic, Nebojsa"]
[Black "Antic, Dejan"]
[Result "1-0"]
[WhiteElo "2410"]
[BlackElo "2405"]

1.d4 d5 2.c4 dxc4 3.Nf3 a6 4.Nc3 Nf6 5.e4 b5 6.e5 Nd5 7.a4 Nxc3 8.bxc3 Qd5
9.Be2 Bb7 10.O-O g6 11.Nh4 Nc6 12.f4 e6 13.Bf3 Qd8 14.g3 Be7 15.Ng2 Na5 16.Bxb7 Nxb7
17.Qf3 Qd5 18.Qxd5 exd5 19.axb5 a5 20.f5 Kd7 21.f6 Bf8 22.Rf2 c6 23.Rb1 a4
24.Rfb2 c5 25.Nf4 cxd4 26.cxd4 a3 27.Ra2 Bh6 28.Nxd5 Bxc1 29.Rxc1 Ra5 30.Rxc4 Rxb5
31.Rc7+ Ke6 32.Ne3  1-0

[Event "JUG-ch"]
[Site "Kladovo"]
[Date "1992.??.??"]
[Round "11"]
[White "Mirkovic, Slobodan"]
[Black "Djukic, Zeljko"]
[Result "1-0"]
[WhiteElo "2365"]
[BlackElo "2395"]

1.d4 d5 2.c4 dxc4 3.Nf3 a6 4.a4 Nf6 5.e3 e6 6.Bxc4 c5 7.O-O Nc6 8.Qe2 cxd4
9.Rd1 Be7 10.exd4 O-O 11.Nc3 Nd5 12.Bd3 Ncb4 13.Bb1 b6 14.Ne5 Bb7 15.Ra3 Rc8
16.Bxh7+ Kxh7 17.Nxd5 Qxd5 18.Qh5+ Kg8 19.Rg3 Rxc1 20.Rxc1 Bd6 21.Qg4 Bxe5
22.dxe5 g6 23.Qxb4 Rd8 24.h3 Qxe5 25.Qxb6 Rd7 26.b4 Kh7 27.Qc5 Qb2 28.Qc3 Qxc3
29.Rgxc3 Rd4 30.Rc4 Rd2 31.Rc7 Bd5 32.Rxf7+  1-0

[Event "Kuopio op"]
[Site "Kuopio"]
[Date "1992.??.??"]
[Round "3"]
[White "Novikov, Igor A"]
[Black "Wegner, Hannu"]
[Result "1-0"]
[WhiteElo "2585"]
[BlackElo "2365"]

1.d4 d5 2.c4 dxc4 3.Nf3 a6 4.e3 Nf6 5.Bxc4 e6 6.a4 c5 7.O-O Nc6 8.Qe2 cxd4
9.Rd1 Be7 10.exd4 O-O 11.Nc3 Nd5 12.Qe4 Nf6 13.Qe2 Nd5 14.Bd3 Ncb4 15.Bb1 b6
16.Ne5 Bb7 17.Ra3 Rc8 18.Bd2 Nxc3 19.Rxc3 g6 20.Rg3 Qd5 21.Qg4 Rfd8 22.Bxg6  1-0

[Event "Lisbon-chB"]
[Site "Lisbon"]
[Date "1992.??.??"]
[Round "7"]
[White "Damaso, Rui"]
[Black "Pereira, Alvaro"]
[Result "1-0"]
[WhiteElo "2450"]
[BlackElo "2275"]

1.d4 d5 2.c4 dxc4 3.Nf3 a6 4.g3 b5 5.a4 Bb7 6.Bg2 e6 7.O-O Nd7 8.b3 Ngf6
9.bxc4 bxc4 10.a5 Be7 11.Qa4 O-O 12.Rd1 Bd5 13.Nc3 Rb8 14.Nxd5 Nxd5 15.Qxc4 Rb5
16.e4 N5f6 17.Qc2 c5 18.d5 exd5 19.e5 Rxa5 20.Rxa5 Qxa5 21.exf6 Nxf6 22.Bd2 Qa3
23.Nh4 Rb8 24.Nf5 Bf8 25.Bg5 Rb2 26.Qc1 d4 27.Bxf6 gxf6 28.Bd5 Qb4 29.Qf4 d3
30.Qc7  1-0

[Event "Ljubljana Iskra"]
[Site "Ljubljana"]
[Date "1992.??.??"]
[Round "?"]
[White "Gostisa, Leon"]
[Black "Sermek, Drazen"]
[Result "1/2-1/2"]
[WhiteElo "2430"]
[BlackElo "2465"]

1.d4 d5 2.Nf3 c5 3.c4 dxc4 4.Nc3 cxd4 5.Qxd4 Qxd4 6.Nxd4 Nf6 7.e4 e5 8.Ndb5 Kd8
9.Be3 Be6 10.Nxa7 Nbd7 11.Nab5 Bb4 12.Be2 Nxe4 13.Bf3 Nxc3 14.bxc3 Bc5 15.Bxb7 Rb8
16.Bc6 Bxe3 17.fxe3 Nc5 18.a4 Ke7 19.O-O Rhc8 20.Bf3 Bd7 21.Bd5 Ne6 22.Na3 Rc5
23.Bxc4 Bxa4 24.Rab1 Rbc8  1/2-1/2

[Event "Ljubljana op"]
[Site "Ljubljana"]
[Date "1992.??.??"]
[Round "8"]
[White "Jelen, Igor"]
[Black "Sermek, Drazen"]
[Result "1/2-1/2"]
[WhiteElo "2340"]
[BlackElo "2465"]

1.d4 d5 2.c4 dxc4 3.Nf3 c5 4.d5 e6 5.Nc3 Ne7 6.e4 exd5 7.exd5 Nf5 8.Bxc4 Nd6
9.Bd3 Be7 10.O-O O-O 11.Ne5 Bf5 12.Bf4 Nd7 13.Nc6 bxc6 14.Bxd6 Bxd6 15.Bxf5 Ne5
16.f4 Ng6 17.dxc6 Qc7 18.Bxg6 hxg6 19.Nb5 Qxc6 20.Nxd6 Rad8 21.Rc1 Rxd6 22.Qc2 Rd5
23.Rfd1 Rxd1+ 24.Rxd1 c4 25.Re1 Rd8 26.h3 Rd4 27.Qf2 Qf6 28.Rf1 Kh7 29.Kh1 a5
30.f5 g5 31.Qf3 Rh4 32.Qc3 Qd6 33.f6 Qd3 34.Qxd3+ cxd3 35.Rd1 Rd4 36.Kg1 gxf6
37.Kf2 f5 38.Ke3 Rb4 39.b3 a4 40.Rxd3 axb3 41.axb3 Kg6 42.Kd2 f4 43.Kc3 Rb8
44.b4 f5 45.Rd2 Kh5 46.Kc4 Kh4 47.Rb2 Kg3 48.b5 g4 49.hxg4 fxg4 50.Kc5 Kh2
51.b6 g3 52.Kc6 f3 53.gxf3+ g2 54.Kc7 Rf8 55.b7 Kg3 56.Rxg2+ Kxg2 57.b8=Q Rxb8
58.Kxb8  1/2-1/2

[Event "Lloyds Bank op"]
[Site "London"]
[Date "1992.??.??"]
[Round "?"]
[White "Murshed, Niaz"]
[Black "Sadler, Matthew"]
[Result "1/2-1/2"]
[WhiteElo "2505"]
[BlackElo "2515"]

1.d4 d5 2.c4 dxc4 3.Nf3 a6 4.e3 Nf6 5.Bxc4 e6 6.Qe2 c5 7.dxc5 Bxc5 8.O-O Qc7
9.e4 Ng4 10.Nc3 Nc6 11.g3 Bd6 12.Bb3 b5 13.h3 Nge5 14.Nxe5 Bxe5 15.Be3 O-O
16.Rfd1 Bb7 17.Rac1 Rad8 18.Nd5 Qb8 19.f4 exd5 20.Bxd5 Ne7 21.Bxb7 Qxb7 22.fxe5 Qxe4
23.Re1 Rfe8 24.Bb6 Qxe2 25.Rxe2 Rd3 26.Kg2 Ng6 27.Rc3 h5  1/2-1/2

[Event "Manila ol (Men)"]
[Site "Manila"]
[Date "1992.??.??"]
[Round "?"]
[White "Cooper, John Grantley"]
[Black "Rahman, Ziaur"]
[Result "1/2-1/2"]
[WhiteElo "2360"]
[BlackElo "2360"]

1.d4 d5 2.c4 dxc4 3.Nf3 a6 4.e3 Nf6 5.Bxc4 e6 6.a4 c5 7.O-O Nc6 8.Qe2 Qc7
9.Nc3 Bd6 10.Rd1 O-O 11.h3 b6 12.d5 exd5 13.Bxd5 Bb7 14.e4 Rae8 15.Be3 Bf4
16.a5 Bxe3 17.axb6 Qxb6 18.Qxe3 Nb4 19.Qf4 Nbxd5 20.Nxd5 Bxd5 21.exd5 Qxb2
22.d6 Rd8 23.Rxa6 Rfe8 24.Qf5 Ne4 25.Ng5 Nxg5 26.Qxg5 Qe5 27.Qc1 Re6 28.Rc6 h6
29.Rxc5 Rexd6  1/2-1/2

[Event "Manila ol (Men)"]
[Site "Manila"]
[Date "1992.??.??"]
[Round "?"]
[White "Temirbaev, Serik"]
[Black "Ye Rongguang"]
[Result "1/2-1/2"]
[WhiteElo "2435"]
[BlackElo "2515"]

1.d4 d5 2.c4 dxc4 3.Nf3 a6 4.a4 c5 5.d5 e6 6.e4 exd5 7.exd5 Nf6 8.Bxc4 Bd6
9.O-O O-O 10.h3 h6 11.Nc3 Re8 12.b3 Bf5 13.Bb2 Nbd7 14.Re1 Ne5 15.Nd2 Bc7
16.Nf1 Qd6 17.Ne2 Rad8 18.Neg3 Bg6 19.Qd2 h5 20.Qg5  1/2-1/2

[Event "Capablanca mem-B"]
[Site "Matanzas"]
[Date "1992.??.??"]
[Round "8"]
[White "Oblitas, Carlomagno"]
[Black "Armas, Jorge"]
[Result "1/2-1/2"]
[WhiteElo "2425"]
[BlackElo "2400"]

1.d4 d5 2.c4 dxc4 3.Nf3 a6 4.a4 Nf6 5.e3 c5 6.Bxc4 e6 7.O-O Nc6 8.Nc3 Be7
9.Qe2 cxd4 10.Rd1 e5 11.exd4 exd4 12.Nxd4 Nxd4 13.Qe5 Qd6 14.Qxd4 Qxd4 15.Rxd4 Bc5
16.Rf4 O-O 17.Nd5 Nxd5 18.Bxd5 Rb8 19.Be3 Bxe3 20.fxe3 Be6 21.Rd1 Rfd8 22.Rfd4 Bxd5
23.Rxd5 Rxd5 24.Rxd5 Kf8 25.Rd7 b5 26.a5 Rc8 27.Ra7 Rc1+ 28.Kf2 Rc2+ 29.Kf3 Rxb2
30.Rxa6 b4 31.Rb6 Ra2 32.a6 b3 33.h4 g6 34.g4 b2 35.e4 Rxa6 36.Rxb2 Ra3+
37.Kf4 Rh3 38.h5 gxh5 39.gxh5 Rxh5 40.e5 Rh1 41.Rb6 Kg7 42.Ra6 Rf1+ 43.Kg4 Rg1+
44.Kf5 Re1 45.Rb6 h5 46.Rb2 Rg1 47.Rb4 Kh6 48.Rb6+ Kg7 49.Rb4  1/2-1/2

[Event "Moscow Tal mem"]
[Site "Moscow"]
[Date "1992.??.??"]
[Round "?"]
[White "Tataev, Manach"]
[Black "Yakovich, Yuri"]
[Result "0-1"]
[WhiteElo "2310"]
[BlackElo "2520"]

1.d4 d5 2.c4 dxc4 3.Nf3 a6 4.a4 Nf6 5.e3 e6 6.Bxc4 c5 7.O-O Nc6 8.Nc3 Be7
9.Qe2 cxd4 10.Rd1 O-O 11.exd4 Nd5 12.Ba2 Ncb4 13.Bb1 b6 14.Nxd5 Nxd5 15.Qe4 g6
16.Bh6 Re8 17.Ne5 Bf8 18.Bxf8 Rxf8 19.Qf3 Bb7 20.a5 bxa5 21.Be4 Rb8 22.Qg3 Ne7
23.Bd3 Bd5 24.Rd2 Rb4 25.Qf4 f6 26.Nf3 Bxf3 27.Qxf3 Rxd4 28.Qe2 Qb6 29.Bc4 Rxd2
30.Qxd2 Rc8 31.b3 Rc5 32.Qd7 Kf7 33.Re1 Re5 34.Rxe5 fxe5 35.g3 e4 36.Kf1 Qc6
37.Qd4 Nf5 38.Qh8 h5 39.Qh7+ Ng7 40.Qh6 a4 41.Qf4+ Nf5 42.h3 a3 43.g4 a2
44.Qc1 hxg4 45.hxg4 e3 46.Bxe6+ Qxe6 47.gxf5 Qe5 48.Qc4+ Kg7 49.f6+ Kh6  0-1

[Event "Nordic zt"]
[Site "?"]
[Date "1992.??.??"]
[Round "3"]
[White "Cramling, Pia"]
[Black "Westerinen, Heikki MJ"]
[Result "1/2-1/2"]
[WhiteElo "2530"]
[BlackElo "2390"]

1.d4 d5 2.Nf3 c5 3.c4 dxc4 4.d5 e6 5.Nc3 exd5 6.Qxd5 Qxd5 7.Nxd5 Bd6 8.Nd2 Nc6
9.Nxc4 Bb8 10.g3 Nge7 11.Nxe7 Kxe7 12.Bg2 Nd4 13.Ne3 Bd6 14.f4 Re8 15.Kf2 Kf8
16.Rd1 a5 17.Bd2 Ra7 18.Bf1 b5 19.Ng2 Bg4 20.Ne3 Bc8 21.Ng2 Bg4  1/2-1/2